UK Town and City Trivia - Birmingham - Statistics

General Stats
  • This quiz has been taken 168 times
  • The average score is 11 of 15
Answer Stats
Hint Answer % Correct
Major shopping district in central Birmingham Bullring and Grand Central
95%
Factory and tourist attraction located in the historic village of Bournville {Cadbury} World
95%
Birmingham's principal railway station {New} Street
90%
Metropolitan county in which Birmingham is the largest settlement West Midlands
88%
International sporting competition held in Birmingham in 2022 Commonwealth Games
87%
Historic centre for gem craftsmanship and home to many independent retailers {Jewellery} Quarter
83%
Nickname for the Gravelly Hill Interchange on the M6 motorway Spaghetti Junction
83%
Artificial waterway network that provided the life-blood of Victorian Birmingham but is now predominantly used for leisure Canals
78%
Birmingham's test cricket ground Edgbaston
76%
Football team that plays its home matches at 'The Hawthorns' West Bromwich Albion
74%
Reggae band from Birmingham who had a hit with the song 'Red Red Wine' UB40
70%
Major venue for shows, meetings and events on the eastern side of Birmingham National Exhibition Centre
66%
Busy city centre junction on the above transport system {Gas} Street Basin
39%
Conservative Prime Minister from Birmingham who was born in 1869 Neville Chamberlain
38%
Motorway spur that connects the above junction with central Birmingham A38(M)
28%
No matching quizzes found
Score Distribution
Percent of People with Each Score
Percentile by Number Answered
Your Score History
You have not taken this quiz